• 首页
  • 本馆介绍
  • 公告通知
  • 最新文献
  • 馆藏检索
  • 电子资源
  • 读者导购
  • 参考咨询
  • 我的图书馆
  • 登录
  • 详细信息显示
  • 放入我的书架
  • 预约/预借图书
  • 作者相关作品
  • 分类相关作品
  • 丛书相关作品
  • 出版社相关作品

书目信息

  • 表格格式
  • 工作单格式
  • 卡片格式
题名:
经济发展方式转变新论
    
 
作者: 王有志 著
分册:  
出版信息: 北京   经济科学出版社  2013
页数: 180页
开本: 23cm
丛书名: 中青年经济学家文库
单 册:
中图分类: F120.3
科图分类:
主题词: 中国经济--经济发展模式--研究 , 中国经济 , 经济发展模式
电子资源:
ISBN: 978-7-5141-3947-1
000 01229oam2 2200301 450
001 523
005 20140908151600.17
010    @a978-7-5141-3947-1@dCNY40.00
100    @a20140215d2013 em y0chiy50 ea
101 0  @achi
102    @aCN@b110000
105    @ay z 000yy
106    @ar
200 1  @a经济发展方式转变新论@AJing Ji Fa Zhan Fang Shi Zhuan Bian Xin Lun@e基于双向运动理论的研究@EJi Yu Shuang Xiang Yun Dong Li Lun De Yan Jiu@f王有志著@FWang You Zhi Zhu
210    @a北京@c经济科学出版社@d2013
215    @a180页@d23cm
225 2  @a中青年经济学家文库
300    @a中央高校基本科研业务费专项资金项目
330    @a本书在借鉴国内外学术界的双向运动理论、经济增长理论、经济增长方式转变和经济发展方式转变的相关研究成果的基础上,采取系统分析方法、历史主义分析方法以及比较分析方法,对我国经济发展方式的主要特征以及推进其转变的方向进行了深入分析。
461  0 @12001 @a中青年经济学家文库
517 1  @a基于双向运动理论的研究@AJi Yu Shuang Xiang Yun Dong Li Lun De Yan Jiu
606 0  @a中国经济@x经济发展模式@x研究
606 0  @a中国经济
606 0  @a经济发展模式
690    @aF120.3@v5
701  0 @a王有志@AWang You Zhi@f(1980~)@4著
801  0 @aCN@bTANGWEI@c20140603
905    @b0839443-45@dF120.3@e235@f3
    
    经济发展方式转变新论:基于双向运动理论的研究/王有志著.-北京:经济科学出版社,2013
    180页;23cm.-(中青年经济学家文库)
    中央高校基本科研业务费专项资金项目
    
    ISBN 978-7-5141-3947-1:CNY40.00
    本书在借鉴国内外学术界的双向运动理论、经济增长理论、经济增长方式转变和经济发展方式转变的相关研究成果的基础上,采取系统分析方法、历史主义分析方法以及比较分析方法,对我国经济发展方式的主要特征以及推进其转变的方向进行了深入分析。
●
相关链接 在E读中查询图书 在五车中查询图书 在当当中查询图书 在豆瓣中查询图书


正题名:经济发展方式转变新论     索取号:F120.3/235         预约/预借

序号 登录号 条形码 馆藏地/架位号 状态 备注
1 0839443   208394432   第一样本阅览室/ [索取号:F120.3/235] 在馆    
2 0839444   208394441   第一借阅区/ [索取号:F120.3/235] 在馆    
3 0839445   208394450   密集书库-海洋学院/ [索取号:F120.3/235] 在馆    
唐山师范学院图书馆 欢迎您!
大连网信软件有限公司© 版权所有